Les villes accueillant des tournois de l'ATP en 2019 - Statistiques

Statistiques générales
  • Ce quiz a été pris 149 fois
  • Le résultat moyen est 38 sur 68
Statistiques - réponses
Dates Ville % Correct
26/05-09/06 Paris
99%
28/10-03/11 Paris
99%
05/05-12/05 Madrid
97%
17/06-23/06 Londres
96%
01/07-14/07 Londres
96%
10/11-17/11 Londres
96%
22/04-28/04 Barcelone
95%
14/01-27/01 Melbourne
94%
11/02-17/02 New York
93%
26/08-08/09 New York
93%
12/05-19/05 Rome
90%
20/03-31/03 Miami
87%
30/09-06/10 Tokyo
86%
18/02-24/02 Marseille
82%
30/09-06/10 Pékin
82%
18/02-24/02 Rio de Janeiro
82%
06/01-12/01 Sydney
82%
06/10-13/10 Shanghai
81%
19/05-25/05 Lyon
80%
05/08-11/08 Montréal
77%
14/10-20/10 Moscou
75%
11/02-17/02 Buenos Aires
74%
05/11-09/11 Milan
74%
29/04-05/05 Munich
68%
21/10-27/10 Vienne
68%
22/07-28/07 Hambourg
67%
15/09-22/09 Metz
67%
11/02-17/02 Rotterdam
67%
14/04-21/04 Monte Carlo
65%
04/02-10/02 Montpellier
62%
14/10-20/10 Stockholm
62%
21/10-27/10 Bâle
61%
31/12(2018)-05/01 Doha
61%
15/09-22/09 Saint-Pétersbourg
61%
25/02-02/03 Dubai
60%
11/08-18/08 Cincinnati
58%
07/03-17/03 Indian Wells
58%
07/01-12/01 Auckland
56%
19/05-25/05 Genève
56%
20/09-22/09 Genève
56%
27/07-04/08 Washington
54%
22/04-28/04 Budapest
49%
14/10-20/10 Anvers
47%
17/06-23/06 Halle
47%
31/12(2018)-06/01 Brisbane
46%
25/02-03/03 Sao Paulo
44%
10/06-16/06 Stuttgart
44%
08/04-14/04 Marrakech
40%
25/02-02/03 Acapulco
39%
29/04-05/05 Estoril
36%
08/04-14/04 Houston
36%
22/07-28/07 Atlanta
34%
04/02-10/02 Sofia
33%
22/07-28/07 Gstaad
26%
31/12(2018)-05/01 Pune
25%
10/06-16/06 Bois-le-Duc
23%
24/06-29/06 Eastbourne
19%
14/07-21/07 Newport
19%
18/08-24/08 Winston-Salem
18%
18/02-24/02 Delray Beach
17%
29/07-03/08 Los Cabos
13%
04/02-10/02 Cordoba
12%
15/07-21/07 Bastad
11%
29/07-03/08 Kitzbuhel
11%
15/07-21/07 Umag
11%
23/06-29/06 Antalya
10%
23/09-29/09 Chengdu
9%
23/09-29/09 Zhuhai
5%
Aucun quiz correspondant
Distribution des résultats
% des personnes avec chaque résultat
Percentile par nombre de réponses
Votre historique - résultats
Vous n’avez pas pris ce quiz